نحو نظرية عامة لحماية الحق في الحياة الخاصة في العلاقة بين والفراد : دراسة مقارنة

Bibliographic Details
Main Author: حسان, احمد محمد (Author)
Format: Book
Language:Arabic
Published: Qahirah : Dar al-Nahdah al-`Arabiyah , 2001
Subjects:

MARC

LEADER 00000cam a2200000 7i4500
001 0000046708
005 20090415093000.0
008 080914s2001 ua ara
020 |a 9770435485 
090 0 0 |a KRM843   |b .H27 2001 
100 1 |a حسان, احمد محمد ,   |e author 
241 1 0 |a Nahwa nazariyah `ammah li-himayat al-haqq fi al-hayat al-khassah fi al-`alaqat bayna al-dawlah wa-al-ifrad 
245 1 0 |a نحو نظرية عامة لحماية الحق في الحياة الخاصة في العلاقة بين والفراد :   |b دراسة مقارنة   |c احمد محمد حسان 
260 2 |a Qahirah :   |b Dar al-Nahdah al-`Arabiyah ,   |c 2001 
300 |a 754 p. ;   |c 24 cm. 
504 |a Includes bibliographical references 
650 0 |a Privacy, Right of   |z Egypt 
999 |a 1000098584   |b Book   |c OPEN SHELF (30 DAYS)   |e Gong Badak Campus